Palms : (Registro nro. 930)

Detalles MARC
000 -CABECERA
Campo de control 00950cam a2200241 a 4500
005 - FECHA Y HORA DE LA ULTIMA TRANSACCION
Campo de control 20200104041516.0
008 - ELEMENTOS DE LONGITUD FIJA—INFORMACION GENERAL
Campo de control 961211s1996 sz ab b i000 0 eng d
020 ## - ISBN
ISBN 2831703522
040 ## - FUENTE DE CATALOGACIÓN
Agencia catalogadora original UkBaU
Agencia transcriptora UkBaU
Agencia Modificadora Uk
-- WU
-- DLC
-- CO-BoIAVH
041 0# - IDIOMA
Código de idioma para texto/pista de sonido o título separado Inglés
Código de idioma del sumario o resumen/título o subtítulo sobreimpreso fre
082 00 - NUMERO DE CLASIFICACION DECIMAL DEWEY
Número de clasificación 333.953
Número del ítem S79c
245 00 - MENCION DE TITULO
Título Palms :
Parte restante del título their conservation and sustained utilization : status survey and conservation action plan /
Mención de responsabilidad edited by Dennis Johnson ; IUCN/SSC Palm Specialist Group.
260 ## - PUBLICACION, DISTRIBUCION, ETC. (PIE DE IMPRENTA)
Lugar de publicación, distribución, etc. Gland, Switzerland :
Nombre del editor, distribuidor, etc. IUCN,
Fecha de publicación, distribución, etc. c1996.
300 ## - DESCRIPCION FISICA
Extensión viii, 116 páginas :
Otros detalles físicos ilustraciones, mapas ;
Dimensiones 28 x 22 cm.
504 ## - NOTA DE BIBLIOGRAFIA, ETC.
Nota de bibliografía Incluye referencias bibliográficas (páginas 93-98).
546 ## - NOTA DE IDIOMA
Nota de idioma Resumen también en francés.
650 #6 - ASIENTO SECUNDARIO DE MATERIA - TERMINO TEMATICO
Término temático o nombre geográfico como elemento de entrada Palmas.
9 (RLIN) 50112
650 #6 - ASIENTO SECUNDARIO DE MATERIA - TERMINO TEMATICO
Término temático o nombre geográfico como elemento de entrada Conservación de la Naturaleza
9 (RLIN) 97
650 #0 - ASIENTO SECUNDARIO DE MATERIA - TERMINO TEMATICO
Término temático o nombre geográfico como elemento de entrada Palmas
Subdivisión general Utilización.
9 (RLIN) 50114
700 1# - ASIENTO SECUNDARIO - NOMBRE PERSONAL
Nombre personal Johnson, Dennis Victor,
Fechas asociadas con el nombre 1937-
9 (RLIN) 50115
710 2# - ASIENTO SECUNDARIO - NOMBRE CORPORATIVO
Nombre corporativo o de jurisdicción como elemento de entrada IUCN/SSC Palm Specialist Group.
9 (RLIN) 50116
942 ## - ELEMENTOS ADICIONALES (KOHA)
Sistema de clasificación Dewey Decimal Classification
Tipo de ítem Libro
Existencias
Withdrawn status Lost status Sistema de Clasificación Damaged status No para préstamo Colección Inventariado Ubicación Permanente Ubicación actual Fecha de adquisición Fuente de Valor Valor Total Checkouts Número topográfico Inventario / Código de Barras Date last seen Ejemplar Price effective from Forma de adquisición Tipo de material
    Dewey Decimal Classification     General Inventariado 2017 Bogotá Bogotá 13/01/1999 Instituto 39000.00   LB-333.953 S79c 001289 04/12/2012 Ej. 1 04/12/2012   Libro